Statistieken voor Rotterdamse metro stations

Klik hier om de quiz te nemen!

Algemene statistieken

  • Deze quiz is 244 keer genomen
  • De gemiddelde score is 33 van 78

Antwoordstatistieken

Lijn (Caland)Station% Correct
A,B,C,D,EBeurs
87%
A,B,C,D,EBeurs
87%
D,ERotterdam Centraal
81%
A,B,CBlaak
80%
EDen Haag Centraal
70%
A,B,CSchiedam Centrum
70%
D,EStadhuis
70%
D,ESlinge
66%
C,DDe Akkers
65%
C,DDe Akkers
65%
D,EZuidplein
63%
A,BAlexander
62%
A,B,CMarconiplein
57%
D,ERijnhaven
55%
A,B,CCapelsebrug
54%
D,EMaashaven
54%
BNesselande
54%
A,B,CDelfshaven
53%
D,ELeuvehaven
53%
D,EWilhelminaplein
53%
A,B,CCoolhaven
52%
A,B,CKralingse Zoom
52%
EBlijdorp
51%
A,B,CDijkzigt
51%
A,B,CEendrachtsplein
51%
A,B,COostplein
51%
A,B,CGerdesiaweg
50%
DRhoon
49%
CDe Terp
48%
CPernis
47%
C,DHoogvliet
46%
C,DHoogvliet
46%
ELaan van NOI
46%
BHoek van Holland Haven
45%
C,DSpijkenisse Centrum
43%
C,DSpijkenisse Centrum
43%
A,B,CVoorschoterlaan
43%
B,CVlaardingen Centrum
42%
ABinnenhof
40%
BHoek van Holland strand
40%
C,DTussenwater
39%
C,DTussenwater
39%
EPijnacker Zuid
38%
B,CVlaardingen West
38%
EMeijersplein
37%
DPoortugaal
37%
EPijnacker Centrum
36%
ERodenrijs
35%
CCapelle Centrum
34%
ENootdorp
34%
BMaassluis Centrum
32%
EMelanchthonweg
32%
C,DZalmplaat
32%
C,DZalmplaat
32%
A,BSchenkel
31%
B,CVlaardingen Oost
31%
BMaassluis West
29%
EBerkel Westpolder
28%
CTroelstralaan
28%
CVijfsluizen
28%
A,BGraskruid
26%
A,BOosterflank
25%
BDe Tochten
24%
C,DHeemraadlaan
23%
C,DHeemraadlaan
23%
BSteendijkpolder
23%
ELeidschendam-Voorburg
22%
ELeidschenveen
22%
CParkweg
22%
A,BPrinsenlaan
22%
EVoorburg 't Loo
22%
EForepark
21%
B,CSchiedam Nieuwland
21%
CSlotlaan
20%
ARomeynshof
19%
BHesseplaats
16%
BAmbachtsland
15%
BNieuw Verlaat
13%

Scoreverdeling

Percentiel versus Aantal Correcte Antwoorden

Procent van Mensen met Elke Score

Uw Scoregeschiedenis

U heeft deze quiz nog niet genomen